| 000 | 00619nam a2200217Ia 4500 | ||
|---|---|---|---|
| 003 | OSt | ||
| 005 | 20220918175057.0 | ||
| 006 | a|||||r|||| 00| 0 | ||
| 007 | ta | ||
| 008 | 220917b |||||||| |||| 00| 0 eng d | ||
| 024 | _a15,590 | ||
| 037 | _cTextual | ||
| 040 |
_aARTS _cARTS _beng |
||
| 041 |
_2eng _aeng |
||
| 082 | _aNA44,J8, M6 | ||
| 245 | 0 |
_aViews in India China and on the shores of the red Sea _b drawn by Prout, Stanfield, Cattermole, Purser, Cox, Austin etc |
|
| 260 |
_aDelhi _bGian _c1986 |
||
| 650 | _aARTS | ||
| 942 |
_hNA44,J8, M6 _cTEXL _2CC |
||
| 999 |
_c155988 _d155988 |
||